000
00197nam a2200085 4500
001
1256728
005
20260105140411.0
245
_a
ROSROS İLE ZENZEN
_c
FİLİZ ÖZDEM
260
_b
YAPI KREDİ YAYINLARI
999
_c
1256728
_d
1256728